| 000 | 00982cam a22003135i 4500 | ||
|---|---|---|---|
| 999 |
_c28442 _d28413 |
||
| 001 | 010981550 | ||
| 003 | EG-ScBUE | ||
| 005 | 20200811145034.0 | ||
| 008 | 020104s2002 nyua f b 001 0 eng d | ||
| 020 | _a0415936322 (pbk) | ||
| 020 | _a9780415936323 | ||
| 040 |
_aStDuBDS _beng _erda _cEG-ScBUE _dUk _dEG-ScBUE |
||
| 082 | 0 | 4 |
_a320.5 _bFLO _222 |
| 100 | 1 | 0 |
_aFlood, Christopher, _eauthor. |
| 245 | 1 | 0 |
_aPolitical myth : _ba theoretical introduction / _cChristopher G. Flood. |
| 264 | 1 |
_aNew York ; _aLondon : _bRoutledge, _c2002. |
|
| 300 |
_axii, 309 pages ; _c24 cm. |
||
| 336 |
_atext _btxt _2rdacontent |
||
| 337 |
_aunmediated _bn _2rdamedia |
||
| 338 |
_avolume _bnc _2rdacarrier |
||
| 490 | 0 | _aTheorists of myth | |
| 500 | _aOriginally published: New York: Garland, 1996. | ||
| 650 | 7 |
_aIdeology. _2BUEsh |
|
| 650 | 7 |
_aMyth. _2BUEsh |
|
| 650 | 7 |
_aMythology _xPolitical aspects. _2BUEsh |
|
| 653 |
_bCOMAME _cJuly2020 |
||
| 655 |
_vReading book _934232 |
||
| 942 |
_2ddc _cBB |
||